00370nam a22001217a 450000500170000000800410001702000150005804000130007308200180008624500870010426000460019130000110023720160303100259.0160303b xxu||||| |||| 00| 0 eng d a9699060093 cPK-LaUMT aMMC 954bSAP- aSapana: South asian studiesbhistory and educaiton in south asiacImtiaz Alam(Edit aLahorebSouth asian policy analysisc2006 a252 p.